000
00290nam a2200121Ia 4500
008
210430s9999 xx 000 0 und d
082
_a
621.84 Z35V
100
_a
Zappe.R.W
_9
54964
245
_a
Valve Selection Handbook
_c
Zappe.R.W
260
_c
1991
300
_a
345p.
942
_c
BK
_2
ddc
999
_c
565892
_d
565892